Another city : (Record no. 7603)

000 -LEADER
fixed length control field 01452cam a2200241 a 4500
003 - CONTROL NUMBER IDENTIFIER
control field OSt
005 - DATE AND TIME OF LATEST TRANSACTION
control field 20200316165217.0
008 - FIXED-LENGTH DATA ELEMENTS--GENERAL INFORMATION
fixed length control field 080110s2008 ctuabf b 001 0 eng
020 ## - INTERNATIONAL STANDARD BOOK NUMBER
International Standard Book Number 9780300124880 (cloth : alk. paper)
040 ## - CATALOGING SOURCE
Original cataloging agency DLC
Transcribing agency DLC
Modifying agency DLC
082 00 - DEWEY DECIMAL CLASSIFICATION NUMBER
Classification number 307.760973
Edition number 22
Item number UPT
100 1# - MAIN ENTRY--PERSONAL NAME
Personal name Upton, Dell.
245 10 - TITLE STATEMENT
Title Another city :
Remainder of title urban life and urban spaces in the new American republic /
Statement of responsibility, etc Dell Upton.
260 ## - PUBLICATION, DISTRIBUTION, ETC. (IMPRINT)
Place of publication, distribution, etc New Haven :
Name of publisher, distributor, etc Yale University Press,
Date of publication, distribution, etc c2008.
300 ## - PHYSICAL DESCRIPTION
Extent x, 395 p., [16] p. of plates :
Other physical details ill. (some col.), maps (some col.) ;
Dimensions 27 cm.
504 ## - BIBLIOGRAPHY, ETC. NOTE
Bibliography, etc Includes bibliographical references (p. 341-386) and index.
505 0# - FORMATTED CONTENTS NOTE
Formatted contents note Introduction -- Part I. The lived city -- Cities of perpetual ruin and repair -- The relics of civilized life -- The smell of danger -- Noise and gabble -- Seeing and believing -- Part II. Metropolitan improvements -- The grid and the republican spatial imagination -- Gridding consumption -- Permutations of the pigeonhole : architecture as memory -- Gridding the graveyard -- Gridded utopias -- Part III. Public spaces and private citizens -- On the waterfront -- In public walks -- Conclusion.
650 #0 - SUBJECT ADDED ENTRY--TOPICAL TERM
Topical term or geographic name as entry element Cities and towns
Geographic subdivision United States
General subdivision History
Chronological subdivision 19th century.
650 #0 - SUBJECT ADDED ENTRY--TOPICAL TERM
Topical term or geographic name as entry element City planning
Geographic subdivision United States
General subdivision History
Chronological subdivision 19th century.
651 #0 - SUBJECT ADDED ENTRY--GEOGRAPHIC NAME
Geographic name United States
General subdivision History
Chronological subdivision 19th century.
856 41 - ELECTRONIC LOCATION AND ACCESS
Materials specified Table of contents only
Uniform Resource Identifier <a href="http://www.loc.gov/catdir/toc/ecip089/2008001346.html">http://www.loc.gov/catdir/toc/ecip089/2008001346.html</a>
942 ## - ADDED ENTRY ELEMENTS (KOHA)
Source of classification or shelving scheme
Holdings
Withdrawn status Lost status Source of classification or shelving scheme Damaged status Koha normalized classification for sorting Not for loan Permanent location Current location Date acquired Full call number Barcode Date last seen Price effective from Koha item type
        307_760973000000000_UPT   BMS College of Architecture, Design and Planning BMS College of Architecture, Design and Planning 2020-03-16 307.760973 UPT AR-PG238 2020-03-16 2020-03-16 PG Books
Copyright © 2025, The Librarian, Library and Information Centre, BMSCA D&P, Bengaluru. All Rights Reserved
web counter

Powered by Koha